| 000 | 00506nam a22001697a 4500 | ||
|---|---|---|---|
| 999 |
_c17481 _d17481 |
||
| 003 | AR-CdUCM | ||
| 008 | 190508b ||||| |||| 00| 0 spa d | ||
| 040 |
_aMUNICIPALIDAD PROVINCIAL DEL CUSCO _cBIBLIOTECA MUNICIPAL DEL CUSCO |
||
| 082 |
_a869.56 / _bS21 |
||
| 100 |
_aSánchez, Luis Alberto . _937524 |
||
| 245 | _aCuaderno de bitácora / | ||
| 260 |
_aLima : _bMosca azul, _c1974. |
||
| 300 |
_a349 páginas ; _c21 cm. |
||
| 650 |
_aBitácora. _910364 |
||
| 942 |
_2ddc _cLIBROS |
||
| 945 |
_arum _d2019-05-08 |
||